000 01259aam a2200325 i 4500
999 _c45588
_d45588
001 768714001
003 CO-MdFUSB
005 20201015103557.0
007 ta
008 200509t1981 enk |||| |||| 00| 0 eng d
020 _a0140063864
040 _bspa.
_aCO-MdFUSB
_cCO-MdFUSB
_dCO-MdFUSBC
_erda
041 _aeng
082 _223
_a282.0904
_bN621
100 1 _aNichols, Peter
_eautor
245 1 4 _aThe Pope's divisions :
_bthe Roman Catholic church today
_c/ Peter Nichols
264 1 _aMiddlesex, Inglaterra :
_bPenguin Books,
_c[1981]
264 4 _c© 1981
300 _a382 páginas
_c; 20 cm
336 _atexto
_btxt
_2rdacontent
337 _2rdamedia
_asin mediación
_bn
338 _2rdacarrier
_avolumen
_bnc
505 _aLos lugares católicos - Galilea y Babel - Esta era torcida - Las dos dinastías - El castillo de Barba Azul - Opciones romanas - Curia y sínodo - La barrera institucional - El camino a Fatima - Esposas y hermanas - El fracaso con el sexo - Beckets y comunistas - Violencia y liberadores - Razas y derechos - Grupos y lazos
563 _aRústico
610 2 7 _aIglesia Católica
_x-- Historia
_y1850-2000
_z-- Colombia
650 7 _9655
_aIglesia
942 _cBK
945 _aJTF-925